000
00320nam a22001337a 4500
008
170324b xxu||||| |||| 00| 0 eng d
020
_a
9780534599867
041
_a
eng
080
_2
7 ED
_a
615.83
100
_a
8
101
_a
SHM
245
_a
PRINCIPLES AND LABS FOR FITNESS AND WELLNESS
_c
HOEGER.W.K
942
_2
udc
_c
BK
999
_c
8563
_d
8563